00877nam a22002055i 4500001000700000003000900007005001700016008004100033020001800074080002800092100004700120245010300167260010200270300002200372600006900394710004400463852002200507999001900529952012300548177579ES-MaACL20230906220351.0110404s1974 sp |||| | spa d a84-600-6058-6 a821.134.2 Alas, Lepoldo1 aNúñez de Villavicencio, Laura.914595713aLa creatividad en el estilo de Leopoldo Alas, "Clarín" / cpor Laura Núñez de Villavicencio. aOviedo : bInstituto de Estudios Asturianos del Patronato José Mª Quadrado (C.S.E.C.), c1974. a287 p. ; c20 cm.14aAlas, Leopoldo,d1852-1901-xCrítica e interpretación9191572 aInstituto de Estudios Asturianos.94889 aES-MaACLjE-14786 c177579d177579 00104070aATENEOMbATENEOMcDEPO2d2011-04-04eDONl0oE-14786p1186524r2023-02-23 00:00:00w2023-02-23yMONOGRAFIA